000 00373nam a2200145Ia 4500
008 240624s9999 xx 000 0 und d
041 _aeng
082 _a338.9009172 HAN
100 _aHANDELMAN HOWARD
245 _aCHALLENGE OF THIRD WORLD DEVELOPMENT
250 _a(6th ed.)
260 _c2011
_aBoston
_bLongman
300 _axviii, : 334p. : cm. ; 23
365 _c
_b25
999 _c19581
_d19581